| 000 | 00418nam a2200157Ia 4500 | ||
|---|---|---|---|
| 005 | 20251020182613.0 | ||
| 008 | 200515s9999 xx 000 0 und d | ||
| 082 | _aSC/69.632:711(8)/A77/1995 | ||
| 100 | _aARRIBASPLATA B., Alcides | ||
| 245 | 0 | _aRulvial : Reglamento Ășnico de licitaciones para obras viales en AmĂ©rica | |
| 260 | _aLima | ||
| 260 | _c1995 | ||
| 300 | _a40 | ||
| 650 | _aLICITACIONES | ||
| 942 | _cLIB | ||
| 999 |
_c3424 _d3424 |
||